Heading east : (Record no. 139502)

MARC details
000 -LEADER
fixed length control field 00824nam a22002297a 4500
005 - DATE AND TIME OF LATEST TRANSACTION
control field 20170504145344.0
010 ## - LCCN (DPL NO)
LC control number ENG-118059
020 ## - INTERNATIONAL STANDARD BOOK NUMBER
International Standard Book Number 9780199467242
Terms of availability 950.00
020 ## - INTERNATIONAL STANDARD BOOK NUMBER
International Standard Book Number 0199467242
Terms of availability 950.00
035 ## - SYSTEM CONTROL NUMBER
System control number EN-101591
037 ## - SOURCE OF ACQUISITION
Source of stock number/acquisition DBAD/PUB
082 ## - DEWEY DECIMAL CLASSIFICATION NUMBER
Classification number 327.54059
245 00 - TITLE STATEMENT
Title Heading east :
Remainder of title security, trade, and environmenent between India and Southeast Asia /
Statement of responsibility, etc edited by Karen Stoll Farrell, Sumit Ganguly.
250 ## - EDITION STATEMENT
Edition statement First edition.
260 ## - PUBLICATION, DISTRIBUTION, ETC. (IMPRINT)
Place of publication, distribution, etc New Delhi
Name of publisher, distributor, etc Oxford University Press
Date of publication, distribution, etc 2016
300 ## - PHYSICAL DESCRIPTION
Extent xv, 275 pages ;
Dimensions 23 cm.(Hb)
490 0# - SERIES STATEMENT
Series statement Oxford international relations in South Asia series
504 ## - BIBLIOGRAPHY, ETC. NOTE
Bibliography, etc Includes bibliographical references and index.
700 1# - ADDED ENTRY--PERSONAL NAME
Personal name Farrell, Karen Stoll,
Relator term editor.
700 1# - ADDED ENTRY--PERSONAL NAME
Personal name Ganguly, Sumit,
Relator term editor.
942 ## - ADDED ENTRY ELEMENTS (KOHA)
Source of classification or shelving scheme Dewey Decimal Classification
Item type English Books
Classification part 327.54059
Call number suffix HEA
Holdings
Withdrawn status Lost status Not for loan Collection code Home library Current library Date acquired Source of acquisition Cost, normal purchase price Full call number Barcode Copy number Cost, replacement price Koha item type
    Not For Loan Non-fiction D.B.Act.Division Bawana 04/05/2017 DBAD/PUB 950.00 327.54059 HEA EN-101591 1 950.00 English Books

© Delhi Public Library
Hit Counter
free hit counter